00528nam a2200193 a 45000010005000000030009000050080041000140400028000550820019000831000028001022450050001302500007001802600053001873000015002405900032002556500018002879420012003059990017003176904CO-ViMGA141112s2004 ck r 000 u spa d aCO-ViMGAbspacCO-ViMGA aR796.357 P373b1 aPerea, Rosero Tucidides10aBeisbol : breglamentos deportivos ilustrados a3a aSantafé de Bogotá : bPanAméricana, c1996 a232 p : il aDatos de inventario : 0546214aBEISBOL94050 2ddccBK c11375d11375